000 01041cam a22002415 4500
001 L140938
008 050414n2007 xxkdoa f 000 0 eng u
020 _a9781860819803
035 _a(Sirsi) u140938
041 _aeng
050 _a690.16
_c18
100 _aDoran, Sean
245 _aMasonry walls and beam and block floors
_bu-values and building regulations
260 _aGarston
_bIHS BRE
_c2007
300 _a24p.
_bill.
_c30cm.
490 _aBRE Special Digest
_vSD4
520 _aExplains how the requirements of the building regulations for conservation of fuel and power may be satisfied using aggregate concrete blocks. Provides information on the relevant regulations, showing various routes to compliance, together with a number of examples involving aggregate concrete block constructions.
520 _aSupersedes 2003 edition (ISBN 186081638X).
651 4 _aUnited Kingdom
_y
690 _aBUILT ENVIRONMENT-BUILDING ELEMENTS-COMPLETE BUILDING ELEMENTS
710 _aBuilding Research Establishment
942 _n0
999 _c107579
_d107579